Masculin, Féminin ou les Deux - Statistiques

Statistiques générales
  • Ce quiz a été pris 133 fois
  • Le résultat moyen est 12 sur 40
Statistiques - réponses
Hint Réponse % Correct
Epilogue Masculin
52%
Agrume Masculin
48%
Aromate Masculin
48%
Ecchymose Féminin
46%
Solde Les deux
44%
Aérogare Féminin
41%
Alcôve Féminin
39%
Amour Les deux
38%
Office Les deux
38%
Stalactite Féminin
37%
Antipode Masculin
37%
Espace Les deux
36%
Livre Les Deux
36%
Tentacule Masculin
36%
Apostrophe Féminin
34%
Poêle Les deux
32%
Astérique Masculin
31%
Icone Féminin
29%
Réglisse Féminin
29%
Platine Les Deux
29%
Obélisque Masculin
29%
Orque Féminin
27%
Intervalle Masculin
27%
Equinoxe Masculin
26%
Abysse Masculin
25%
Epithète Féminin
24%
Ecumoire Féminin
24%
Mi-temps Les deux
24%
Echappatoire Féminin
23%
Abîme Masculin
23%
Octave Féminin
22%
Enseigne Les deux
21%
Antre Masculin
21%
Termite Masculin
20%
Anagramme Féminin
19%
Apogée Masculin
19%
Urticaire Féminin
18%
En-tête Masculin
18%
Ecritoire Féminin
17%
Oeuvre Les deux
13%
Aucun quiz correspondant
Distribution des résultats
% des personnes avec chaque résultat
Percentile par nombre de réponses
Votre historique - résultats
Vous n’avez pas pris ce quiz